| 000 | 00695nam a2200217 i 4500 | ||
|---|---|---|---|
| 001 | 124734 | ||
| 003 | ES-MaACL | ||
| 005 | 20250713080430.0 | ||
| 007 | t| | ||
| 008 | 070418s1919 sp ||||1| spa d | ||
| 100 | 1 |
_aAza, Vital, _d1851-1912 _924210 |
|
| 245 | 1 | 3 |
_aEl sombrero de copa _b: comedia en tres actos / _coriginal de Vital Aza. |
| 260 |
_a[Madrid : _bLa Novela Teatral, _c1919] |
||
| 300 |
_a18 h. ; _c20 cm. |
||
| 490 | 1 |
_aLa novela teatral ; _v138 |
|
| 500 | _aEn cub. caricatura de Luisa Puchel por Tovar. | ||
| 700 | 0 |
_aTovar _c, ilustrador. _9157378 |
|
| 830 | 0 |
_aLa novela teatral ; _v138 _9122427 |
|
| 852 |
_aES-MaACL _j2215-F-11 _bR.138736 |
||
| 999 |
_c124734 _d124734 |
||